Réplique d'Harry Potter - compléter la suite - Statistiques

Statistiques générales
  • Ce quiz a été pris 549 fois
  • Le résultat moyen est 15 sur 30
Statistiques - réponses
Personnage Début de la réplique Fin de la réplique % Correct
"Il faut beaucoup de bravoure pour affronter ses ennemis mais il n'en faut pas moins pour affronter... ses amis"
90%
Ron Weasley "Ce n'est pas n'importe quelle balais Harry c'est... un Nimbus2000"
87%
Drago Malefoy Un rouquin, et une robe de seconde main, tu est forcément... Un Weasley "
86%
Albus Dumbledore "N'aie pas pitié des morts. Aie pitié des vivants et surtout de ceux qui vivent sans... amour."
82%
Neville Londubat "Oh mon dieu, j'ai tué... Harry Potter !"
79%
Severus Rogue "Monsieur Potter... Notre nouvelle... Célébrité "
68%
" hm, pas de chance,... Crotte de nez."
68%
" Tu as la capacité émotionnelle d'une... Petite cuillère "
68%
Harry Potter " Je suis désolé professeur, mais je ne dois pas... Mentir."
66%
" Suiver les araignées pourquoi ça ne pouvait pas être... Suivez les papillons ?"
63%
" oui, mais si il ne se plaît pas en Roumanie. Si les autres dragons sont méchants avec lui. C'est qu'un... Bébé"
61%
Hermione Granger "J'espère que vous êtes contents de vous. On aurait pu se faire tué, ou pire,... Être renvoyé !"
57%
" Qui êtes vous et qu'avez-vous fait à... Hermione Granger! "
56%
Mimi Geignarde "Harry, si tu meurs je serai ravie de partager... Mes toilettes avec toi."
56%
Molly Weasley "Touche pas à ma Ginny !... Pétasse !"
52%
"La peur d'un nom ne fait qu'accroître la peur de... la chose elle-même."
45%
Voldemort "J'ai lu dans ton cœur, et ton cœur est... mien"
44%
Dolores Ombrage "Potter, faites quelque chose ! Dites leur que je ne leur veux... Pas de mal!"
43%
" c'est la deuxième fois que vous parlez sans y être invité, Miss Granger. Êtes vous incapable de vous dominer ou êtes vous fière d'être une insupportable... Je sais tout ?"
40%
" Je suis... Le prince de sang-mêlé "
39%
Neuville, sans vouloir t'offenser, je m'en fous des... Plantes "
36%
" C'est amusant de ne pas... Respecter le règlement !"
34%
Gilderoy Lockhart " On dirai... De la magie !"
33%
"Ce qui c'est passé ce soir dans les sous-sols du château, entre Quirell et toi, est un secret absolu, par conséquent,... Toute l'école est au courant."
29%
Minerva McGonagall "On vous laisse vous occuper du monstre, Gideroy. Après tout, vos compétences sont... Légendaires."
26%
Hagrid "Taisez-vous Dursley espèce de... Vieux pruneaux !"
25%
"Dans le monde il n'y a pas d'un côté le bien est le mal, il y a une part de lumière et d'ombre en chacun de nous. Ce qui compte c'est celle que l'on choisit de montrer dans... Nos actes"
19%
Dobby "Non, Dobby ne voulait pas tuer ! Blesser très gravement,... Mutiler... Mais pas tuer !"
7%
Sirius Black "Voilà pourquoi tu n'es pas membre de l'ordre... Tu n'as pas compris... Il y a des choses pour lesquelles il... Vaut la peine de mourir "
7%
"Qu'est-ce que tu crains le plus toi ? Faire... un devoir qui n'aurait que 19/20 ?"
5%
Aucun quiz correspondant
Distribution des résultats
% des personnes avec chaque résultat
Percentile par nombre de réponses
Votre historique - résultats
Vous n’avez pas pris ce quiz